000 00665nam a22002057a 4500
999 _c57472
_d57472
005 20221105214805.0
008 200625s2017 enk||||| |||| 00| 0 eng d
020 _a 9780323287821 1
041 _aeng
080 _a616.8 W-72
100 _aWinn, Richard MD
_98767
245 _aYoumans and Winn Neurological Surgery :
_bVolume 2 /
_cRichard Winn MD (Author).
250 _aSeventh edition
264 _aPhiladelphia :
_bElsevier,
_c2017.
300 _a1959 p.
_b30 cm.
653 _aმედიცინა
653 _aნეიროქირურგია
653 _a ნევროლოგიური ქირურგია
942 _2udc
_cBK